| 000 | 02123cam a2200133 4500500 | ||
|---|---|---|---|
| 005 | 20260405025637.0 | ||
| 041 | _afre | ||
| 042 | _adc | ||
| 100 | 1 | 0 |
_aVentura, Christophe _eauthor |
| 245 | 0 | 0 | _aL’Amérique latine face aux défis mondiaux |
| 260 |
_bIRIS éditions,
_c2026. |
||
| 520 | _aLongtemps perçue comme une région périphérique, relativement stabilisée et peu conflictuelle, l’Amérique latine se trouve aujourd’hui au croisement de dynamiques globales – crise des démocraties libérales, transition écologique, rivalités de puissances, fragmentation du multilatéralisme – qui mettent à l’épreuve ses modèles politiques, économiques et sociaux. À partir de quatre axes complémentaires, ce volume analyse les vulnérabilités structurelles de la région, mais aussi les ressources stratégiques et politiques dont elle dispose pour y répondre, et ainsi peser sur les équilibres régionaux et mondiaux. Il interroge successivement la déconsolidation démocratique et les recompositions politiques internes ; les impasses et dépendances du modèle de développement extractivo-exportateur ; les défis d’une transition écologique et sociale dans un contexte d’inégalités persistantes ; enfin, les marges de manœuvres de la région face au retour des États-Unis et à l’accroissement de leur rivalité avec la Chine. L’ouvrage « L’Amérique latine face aux défis mondiaux » est l’aboutissement d’un partenariat de dix ans entre l’AFD et l’IRIS, qui a donné lieu à la production de vingt-trois notes d’analyse disponibles sur le site de l’IRIS et cinq colloques ouverts au grand public, dédiés à l’analyse des évolutions géopolitiques, politiques, économiques et sociales de l’Amérique latine, en prenant soin de les inscrire dans celles plus générales à l’œuvre au niveau international. Cartographie et infographie : IRIS (Antoine Diacre, Coline Laroche, Victor Pelpel, Marc Verzeroli). | ||
| 856 | 4 | 1 | _uhttps://shs.cairn.info/l-amerique-latine-face-aux-defis-mondiaux--9782493756053?lang=fr&redirect-ssocas=7080 |
| 999 |
_c2147598 _d2147598 |
||